000 00858cam9a220026500 4500
001 lce00047205
008 760301s1975 sz a b 000 0 eng
010 _a 75327572 //r88
015 _aSw***
020 _c98.00F (
_44.75 U.S.)
035 _a(Sirsi) r68013
035 _a(DLC) 75327572 //r88
035 _a(UPRA)lce00047205
040 _dUPRA
050 0 _aRJ23
_b.M6 vol. 16
_aRJ416.L4
082 _a618.9/2/0008 s
_a618.9/21/55
245 0 0 _aAcute childhood leukemia /
_cvolume editor, Carl Pochedly.
260 _aBasel ; New York :
_aBasel ; New York :
_bS. Karger,
_c1975.
440 0 _aModern problems in paediatrics ;
_vv. 16
_6S5074.1
504 _aIncludes bibliographies.
650 0 _aLeukemia in children.
_6S20985.1
700 1 _aPochedly, Carl.
_6A28923.1
949 _aRJ23
_wLC
_i-91178
_mMEDICAL
_tBOOK
_lON-SHELF
004 68013
999 _c44523
_d44523